Normal view
MARC view
- Iqbal, Shahid
Entry Personal Name
001 - CONTROL NUMBER
- control field: 17316
003 - CONTROL NUMBER IDENTIFIER
- control field: NUST
005 - DATE AND TIME OF LATEST TRANSACTION
- control field: 20190710105536.0
008 - FIXED-LENGTH DATA ELEMENTS
- fixed length control field: 190710|| aca||aabn | a|a d
040 ## - CATALOGING SOURCE
- Original cataloging agency: NUST
- Transcribing agency: NUST
100 ## - HEADING--PERSONAL NAME
- Personal name: Iqbal, Shahid
670 ## - SOURCE DATA FOUND
- Source citation: Work cat.: (NUST): Iqbal, Shahid, Policy Formulation and Development of Secure Environment for Information Sharing /, 2013.
